|
|
|
|
| LEADER |
00000cam a2200000 a 4500 |
| 001 |
vtls008386365 |
| 003 |
SK-MaSNL |
| 005 |
20260302074707.0 |
| 008 |
251104s1954 xo 000 0 slo |
| 015 |
|
|
|a SNBA19451955-007840
|
| 035 |
|
|
|a SK01SNKBKSFS20020078582
|
| 035 |
|
|
|a urn:nbn:sk:snk-am3hith
|
| 035 |
|
|
|a D4F4E979-91DA-46D5-B87B-7F66DCEE32D8
|
| 035 |
|
|
|a urn:nbn:sk:snk-am00d1u4
|
| 035 |
|
|
|a SKM000081045
|
| 040 |
|
|
|a SNK
|b slo
|c SNK
|e AACR2
|
| 041 |
1 |
|
|a slo
|h rus
|
| 044 |
|
|
|a xo
|c SK
|
| 072 |
|
7 |
|a 616-053.2
|x Pediatria
|2 konspekt
|
| 080 |
|
|
|a 616.3
|2 1981
|
| 080 |
|
|
|a 616.1/.9-053.2
|2 2011
|
| 080 |
|
|
|a 616.32/.37
|2 2011
|
| 080 |
|
|
|a (041)
|2 2011
|
| 100 |
1 |
|
|a Moškevič, E. S.
|4 aut
|9 740622
|
| 245 |
1 |
0 |
|a Opatera dieťaťa pri žalúdočno-črevných chorobách
|c E.S. Moškevič ; (z rus. originálu preložila K. Klimová)
|
| 250 |
|
|
|a 1. vyd.
|
| 260 |
|
|
|a Bratislava
|b Výskumný ústav zdravotníckej osvety
|c 1954
|e Bratislava
|f [s.n.] merkant. tlač.
|
| 300 |
|
|
|a 13, [2] s.
|c 15 cm
|
| 366 |
|
|
|e 100000 výtl.
|
| 490 |
1 |
|
|a Rady rodičom
|v zv. 2
|
| 650 |
0 |
7 |
|a choroby detí
|2 SNKPH
|9 79071
|
| 650 |
0 |
7 |
|a tráviace ústrojenstvo
|2 SNKPH
|9 68000
|
| 650 |
0 |
7 |
|a Diseases of children
|2 SNKPHeng
|9 319915
|
| 650 |
0 |
7 |
|a Alimentary tract
|2 SNKPHeng
|9 317819
|
| 655 |
|
7 |
|a brožúry
|2 SNKPH
|9 70146
|
| 655 |
|
7 |
|a Brochures
|2 SNKPHeng
|9 283327
|
| 700 |
1 |
|
|a Klimová, Klára,
|d 1904-
|4 trl
|9 286946
|
| 830 |
|
0 |
|a Rady rodičom
|9 307253
|
| 852 |
|
|
|a Slovenská národná knižnica
|
| 954 |
|
|
|a odborná, vedecká literatúra cudzojazyčná (svetová)
|2 lita
|
| 958 |
|
|
|a OND
|
| 958 |
|
|
|a OP
|
| 958 |
|
|
|a TL
|
| 958 |
|
|
|a EUIPO
|
| 999 |
|
|
|c 1166091
|d 1168021
|
| 952 |
|
|
|a SNK
|b SNK
|y PREZ
|7 0
|p 17A0733061
|o snkSE 1014/2
|i snk1027/54
|0 0
|1 0
|4 0
|d 2017-09-12
|f 1
|l 0
|r 2026-02-24 20:48:53
|w 2026-02-24
|
| 952 |
|
|
|a SNK
|b SNK
|y VYP
|7 0
|p 17A1188691
|o snkSE 1014/2 D1
|i snkI. 8150/54
|0 0
|1 0
|4 0
|d 2017-10-27
|l 0
|r 2026-02-24 20:48:54
|w 2026-02-24
|